Analýza počtu pracujúcich v SR v počas pandémie Covid-19 pomocou interaktívneho prostredia Shiny v jazyku R

Analýza vývoja počtu pracujúcich osôb na Slovensku od začiatku pandémie ochorenia COVID‑19 spôsobeného novým koronavírusom na základe výberového zisťovania pracovných síl Štatistickým úradom SR prostredníctvom interaktívnej grafickej aplikácie vytvorenej pomocou prostredia Shiny v programovacom jazy...

Full description

Saved in:
Bibliographic Details
Main Author: Mihalech, Patrik, 1994-
Format: Book Chapter
Language:Slovak
Subjects:
Tags: Add Tag
No Tags, Be the first to tag this record!

MARC

LEADER 00000naa$a2200000$$$4500
001 0280049
005 20240502074338.0
041 0 |a slo 
044 |a SK 
245 1 0 |a Analýza počtu pracujúcich v SR v počas pandémie Covid-19 pomocou interaktívneho prostredia Shiny v jazyku R  |c Patrik Mihalech 
520 |a Analýza vývoja počtu pracujúcich osôb na Slovensku od začiatku pandémie ochorenia COVID‑19 spôsobeného novým koronavírusom na základe výberového zisťovania pracovných síl Štatistickým úradom SR prostredníctvom interaktívnej grafickej aplikácie vytvorenej pomocou prostredia Shiny v programovacom jazyku R. Zhodnotenie na základe zistených výsledkov, či je kríza stále trvajúca alebo jej vplyv na počty pracujúcich ľudí už odznel. 
610 2 0 |a demografia ekonomická 
610 2 0 |a štatistika ekonomická 
610 2 0 |a koronakríza 
610 2 0 |a pandémia 
610 2 0 |a zamestnanosť 
610 2 0 |a miera zamestnanosti 
610 2 0 |a jazyky programovacie 
610 2 0 |a Slovensko 
100 1 |a Mihalech, Patrik, 1994-